[Event "Novi Banovci op"]
[Site "Novi Banovci"]
[Date "2024.08.06"]
[Round "8"]
[White "Dimitrov, Radoslav"]
[Black "Adarsh, Tripathi"]
[Result "1-0"]
[WhiteElo "2481"]
[BlackElo "2368"]
[PlyCount "117"]
[EventDate "2024.08.02"]
[EventType "swiss"]
[EventRounds "9"]
[EventCountry "SRB"]
[SourceTitle "CBM 221 Extra"]
[Source "ChessBase"]
[SourceDate "2024.09.30"]
[SourceVersion "1"]
[SourceVersionDate "2024.09.30"]
[SourceQuality "1"]

1. c4 e6 2. Nc3 d5 3. d4 a6 4. cxd5 exd5 5. Bf4 Nf6 6. e3 Bd6 7. Bg5 c6 8. Bd3 Be6 9. Nge2 Nbd7 10. Bf4 Qe7 11. Bxd6 Qxd6 12. Nf4 0-0 13. 0-0 Rfe8 14. Nxe6 Qxe6 15. b4 Qd6 16. Na4 Re7 17. Nc5 Nf8 18. a4 Ne6 19. Qf3 Nxc5 20. bxc5 Qc7 21. a5 Ne4 22. Bxe4 Rxe4 23. Rfb1 Rd8 24. Rb6 Rd7 25. Rab1 Qc8 26. Qg3 Re8 27. Qg4 g6 28. h3 Re6 29. R1b3 Rc7 30. h4 h5 31. Qd1 Ree7 32. Qb1 Kg7 33. f3 Qe6 34. Kf2 Kh7 35. Kg3 Qd7 36. Qh1 Qf5 37. Qb1 Qd7 38. Qh1 Qf5 39. Rc3 Kg7 40. Qh3 Qf6 41. Kf2 Re6 42. Qg3 Rce7 43. Qg5 Rd7 44. Qxf6+ Kxf6 45. Rcb3 Ree7 46. g4 hxg4 47. fxg4 Kg7 48. Rb1 Kh6 49. Kf3 f6 50. R6b2 Rf7 51. h5 gxh5 52. Rh2 f5 53. Rxh5+ Kg6 54. Rbh1 fxg4+ 55. Kxg4 Kf6 56. Rf5+ Ke7 57. Re5+ Kd8 58. Rh8+ Kc7 59. Ree8 1-0

[Event "Piestany Slovakia op-A"]
[Site "Piestany"]
[Date "2024.07.17"]
[Round "9"]
[White "Adarsh, Tripathi"]
[Black "Buckels, Valentin"]
[Result "1/2-1/2"]
[WhiteElo "2340"]
[BlackElo "2478"]
[PlyCount "55"]
[EventDate "2024.07.09"]
[EventType "swiss"]
[EventRounds "9"]
[EventCountry "SVK"]
[SourceTitle "EXT 2025"]
[Source "ChessBase"]
[SourceDate "2024.10.14"]
[SourceVersion "1"]
[SourceVersionDate "2024.10.14"]
[SourceQuality "1"]

1. e4 e5 2. Nf3 Nc6 3. Nc3 Nf6 4. d4 exd4 5. Nxd4 Bb4 6. Nxc6 bxc6 7. Bd3 d5 8. Bd2 0-0 9. 0-0 Re8 10. Nxd5 Nxd5 11. exd5 Bxd2 12. Qxd2 cxd5 13. Rfe1 Be6 14. b3 Qd6 15. Rad1 a5 16. h3 Red8 17. c4 dxc4 18. Bxh7+ Kf8 19. Qe2 Qc5 20. Be4 Rab8 21. Rc1 Qg5 22. bxc4 Rd2 23. Qf3 Rxa2 24. Bd5 Bf5 25. Ra1 Rxa1 26. Rxa1 Bg6 27. Qa3+ Kg8 28. Qxa5 1/2-1/2

[Event "Piestany Slovakia op-A"]
[Site "Piestany"]
[Date "2024.07.13"]
[Round "5"]
[White "Gretarsson, Helgi Ass"]
[Black "Adarsh, Tripathi"]
[Result "1/2-1/2"]
[WhiteElo "2485"]
[BlackElo "2340"]
[PlyCount "71"]
[EventDate "2024.07.09"]
[EventType "swiss"]
[EventRounds "9"]
[EventCountry "SVK"]
[SourceTitle "EXT 2025"]
[Source "ChessBase"]
[SourceDate "2024.10.14"]
[SourceVersion "1"]
[SourceVersionDate "2024.10.14"]
[SourceQuality "1"]

1. Nf3 e6 2. c4 d5 3. d4 a6 4. Bg5 Be7 5. Bxe7 Qxe7 6. Nbd2 Nf6 7. Rc1 0-0 8. g3 b6 9. Bg2 Bb7 10. 0-0 c5 11. Qb3 b5 12. cxd5 Bxd5 13. Qa3 b4 14. Qa5 cxd4 15. Nxd4 Bxg2 16. Kxg2 Ra7 17. N2f3 Rb7 18. Rfd1 Rd7 19. Rc4 Rd5 20. Qb6 g6 21. Rdc1 e5 22. Rc7 Nfd7 23. Nc6 Nxc6 24. Qxc6 Rd6 25. Qe4 Rb8 26. Ra7 Rb5 27. Rcc7 Kg7 28. e3 a5 29. h4 Rbd5 30. h5 f5 31. Qc4 e4 32. Nd4 f4 33. gxf4 Qh4 34. Rxd7+ Rxd7 35. Qxd5 Qg4+ 36. Kh2 1/2-1/2

[Event "Piestany Slovakia op-A"]
[Site "Piestany"]
[Date "2024.07.11"]
[Round "3"]
[White "Adarsh, Tripathi"]
[Black "Sowinski, Pawel"]
[Result "1/2-1/2"]
[WhiteElo "2340"]
[BlackElo "2433"]
[PlyCount "125"]
[EventDate "2024.07.09"]
[EventType "swiss"]
[EventRounds "9"]
[EventCountry "SVK"]
[SourceTitle "EXT 2025"]
[Source "ChessBase"]
[SourceDate "2024.10.14"]
[SourceVersion "1"]
[SourceVersionDate "2024.10.14"]
[SourceQuality "1"]

1. e4 c5 2. Nf3 d6 3. d4 cxd4 4. Nxd4 Nf6 5. Nc3 a6 6. Be3 e5 7. Nf3 Be7 8. h3 Be6 9. g4 d5 10. exd5 Nxd5 11. Nxd5 Bxd5 12. Bg2 Nc6 13. 0-0 0-0 14. Bb6 Qxb6 15. Qxd5 Rad8 16. Qe4 Rfe8 17. Rab1 h6 18. c3 a5 19. Qc2 Qc5 20. Rbd1 Qc4 21. Qb1 Qf4 22. Rde1 Bg5 23. Re2 Qf6 24. Nxg5 Qxg5 25. Rfe1 Rd2 26. Rxd2 Qxd2 27. Rd1 Qe2 28. Rd3 e4 29. Re3 Qd2 30. Rxe4 Rd8 31. Bf3 f6 32. Re2 Qd7 33. Qe4 Ne5 34. Qxb7 Qd3 35. Re3 Qb1+ 36. Kg2 Qxa2 37. Qe7 Rf8 38. Be4 Qc4 39. Qd6 Qc8 40. f4 Nf7 41. Qe7 Qb8 42. Kg3 Qxb2 43. Bc6 g5 44. Qxf6 Qc1 45. Kf2 Qd2+ 46. Re2 Qxf4+ 47. Qxf4 gxf4 48. Bd5 Kg7 49. Ra2 Ne5 50. Rxa5 Rb8 51. Ra2 Kf6 52. Bf3 Nd3+ 53. Kg2 Ne1+ 54. Kf2 Nd3+ 55. Kg1 Rb1+ 56. Kh2 Rc1 57. Be4 Rxc3 58. Bxd3 Rxd3 59. Ra5 Rd2+ 60. Kg1 Kg7 61. Rf5 Rd3 62. Kg2 Rd2+ 63. Kf3 1/2-1/2

[Event "Piestany Slovakia op-A"]
[Site "Piestany"]
[Date "2024.07.09"]
[Round "1"]
[White "Adarsh, Tripathi"]
[Black "Salgovic, Simon"]
[Result "1-0"]
[WhiteElo "2340"]
[BlackElo "2122"]
[PlyCount "55"]
[EventDate "2024.07.09"]
[EventType "swiss"]
[EventRounds "9"]
[EventCountry "SVK"]
[SourceTitle "EXT 2025"]
[Source "ChessBase"]
[SourceDate "2024.10.14"]
[SourceVersion "1"]
[SourceVersionDate "2024.10.14"]
[SourceQuality "1"]

1. d4 Nf6 2. Nc3 d5 3. Bf4 e6 4. Nb5 Na6 5. e3 c6 6. Nc3 Be7 7. Nf3 0-0 8. Be2 c5 9. 0-0 Bd7 10. Ne5 c4 11. e4 b5 12. exd5 Nxd5 13. Nxd5 exd5 14. Bf3 Be6 15. Nc6 Qd7 16. Nxe7+ Qxe7 17. Re1 Qd7 18. a4 Nb4 19. Qd2 a5 20. axb5 Qxb5 21. Bd1 Ra6 22. Ra3 Bf5 23. Rg3 Re8 24. h4 Rxe1+ 25. Qxe1 Bxc2 26. Qe5 Rg6 27. Bxc2 Nxc2 28. Qf5 1-0

[Event "Piraeus"]
[Site "Piraeus"]
[Date "2024.05.02"]
[Round "9"]
[White "Kapnisis, Spyridon"]
[Black "Adarsh, Tripathi"]
[Result "1-0"]
[WhiteElo "2405"]
[BlackElo "2304"]
[PlyCount "68"]
[EventDate "2024.04.25"]
[EventType "tourn"]
[EventRounds "9"]
[EventCountry "GRE"]
[EventCategory "6"]
[SourceTitle "CBM 220 Extra"]
[Source "ChessBase"]
[SourceDate "2024.07.31"]
[SourceVersion "1"]
[SourceVersionDate "2024.07.31"]
[SourceQuality "1"]

1. e4 c5 2. Be2 Nc6 3. f4 g6 4. Nf3 Bg7 5. 0-0 d5 6. d3 dxe4 7. dxe4 Qxd1 8. Rxd1 Nd4 9. Nxd4 Bxd4+ 10. Kf1 Bd7 11. e5 Ba4 12. Na3 0-0-0 13. Bb5 Bxb5+ 14. Nxb5 a6 15. Na3 c4 16. Nxc4 Nh6 17. c3 Ba7 18. Be3 Bxe3 19. Nxe3 Nf5 20. Ke2 Nxe3 21. Kxe3 Kc7 22. Rd4 f5 23. Rad1 Rxd4 24. Rxd4 b6 25. e6 Rd8 26. Rxd8 Kxd8 27. Kd4 Kc7 28. Kd5 Kb7 29. c4 Kc7 30. b4 Kb7 31. c5 b5 32. h3 h5 33. h4 Kc7 34. c6 Kc8 1-0

[Event "Piraeus"]
[Site "Piraeus"]
[Date "2024.04.25"]
[Round "1"]
[White "Adarsh, Tripathi"]
[Black "Szpar, Milosz"]
[Result "1-0"]
[WhiteElo "2304"]
[BlackElo "2495"]
[PlyCount "189"]
[EventDate "2024.04.25"]
[EventType "tourn"]
[EventRounds "9"]
[EventCountry "GRE"]
[EventCategory "6"]
[SourceTitle "CBM 220 Extra"]
[Source "ChessBase"]
[SourceDate "2024.07.31"]
[SourceVersion "1"]
[SourceVersionDate "2024.07.31"]
[SourceQuality "1"]

1. e4 e6 2. d4 d5 3. e5 c5 4. c3 Nc6 5. Nf3 Bd7 6. Be2 Nge7 7. Na3 cxd4 8. cxd4 Nf5 9. Nc2 Qb6 10. 0-0 Rc8 11. Kh1 Na5 12. Re1 Be7 13. Bd3 h6 14. Rb1 Bb5 15. Bxb5+ Qxb5 16. Ne3 Nxe3 17. Rxe3 Nc4 18. Rd3 Rc7 19. Ng1 f5 20. exf6 Bxf6 21. Bf4 Rf7 22. b3 Na5 23. Bd6 Qa6 24. Bc5 b6 25. Bd6 Rd7 26. Bg3 0-0 27. Nf3 Nb7 28. Qe2 Re8 29. Rc1 Nd6 30. Bxd6 Rxd6 31. Rc7 Rc8 32. Re3 b5 33. Rxc8+ Qxc8 34. g3 b4 35. Kg2 Rc6 36. Qb5 Rb6 37. Qd3 Rc6 38. Qg6 Rc2 39. Ne1 Rc6 40. Qg4 h5 41. Qxh5 Bxd4 42. Rf3 Qd7 43. Nd3 Rc3 44. Qg4 Bc5 45. Ne5 Qe8 46. Rf7 Qxf7 47. Nxf7 Kxf7 48. Qf4+ Ke7 49. Qe5 Kf7 50. f4 d4 51. f5 exf5 52. Qxf5+ Kg8 53. Kh3 d3 54. Qe6+ Kf8 55. Qd5 Be7 56. Kg4 Rc2 57. h4 Rxa2 58. Qf5+ Ke8 59. Qxd3 Ra5 60. Qf3 a6 61. Qe4 Kf8 62. Qe6 Rc5 63. Qxa6 Kf7 64. Qf1+ Kg8 65. Qe1 Kf7 66. Qf2+ Ke6 67. Qe3+ Kf7 68. Qf4+ Ke6 69. Qd4 Kf7 70. Qe4 Ra5 71. Kh3 g6 72. Qc4+ Kf6 73. Qf4+ Rf5 74. Qc7 Kf7 75. Qc4+ Kg7 76. Qe6 Bf8 77. g4 Rf3+ 78. Kg2 Rf7 79. Qe5+ Kh7 80. Qe6 Kg7 81. g5 Rf5 82. Kh3 Rf1 83. Qc4 Rd1 84. Qc7+ Kg8 85. Qc6 Rd6 86. Qc4+ Kh7 87. Qc7+ Kg8 88. h5 Rd3+ 89. Kg2 Rd2+ 90. Kf3 Rd3+ 91. Ke2 Rd6 92. Qc4+ Kh8 93. Qf7 Bg7 94. h6 Rd4 95. Qxg7# 1-0

[Event "Plzen A1 12th"]
[Site "Plzen"]
[Date "2024.02.20"]
[Round "5"]
[White "Adarsh, Tripathi"]
[Black "Gorkiewicz, Mateusz"]
[Result "0-1"]
[WhiteElo "2356"]
[BlackElo "2184"]
[PlyCount "50"]
[EventDate "2024.02.17"]
[EventType "tourn"]
[EventRounds "9"]
[EventCountry "CZE"]
[EventCategory "1"]
[SourceTitle "CBM 218 Extra"]
[Source "ChessBase"]
[SourceDate "2024.03.31"]
[SourceVersion "1"]
[SourceVersionDate "2024.03.31"]
[SourceQuality "1"]

1. d4 Nf6 2. Nc3 d5 3. Bf4 e6 4. Nb5 Na6 5. e3 Be7 6. Nf3 0-0 7. c4 c6 8. Nc3 c5 9. cxd5 cxd4 10. exd4 Nxd5 11. Bd2 b6 12. Bd3 Bb7 13. 0-0 Nab4 14. Bb1 Nf6 15. a3 Nbd5 16. Re1 Rc8 17. Ne5 a6 18. Qe2 b5 19. Qd3 g6 20. Qh3 Qb6 21. Nxd5 Bxd5 22. Qh4 Ne4 23. Qxe7 Nxd2 24. Qh4 Nb3 25. Qf6 Qd8 0-1

[Event "Plzen A1 12th"]
[Site "Plzen"]
[Date "2024.02.18"]
[Round "2"]
[White "Petr, Martin"]
[Black "Adarsh, Tripathi"]
[Result "1-0"]
[WhiteElo "2469"]
[BlackElo "2356"]
[PlyCount "39"]
[EventDate "2024.02.17"]
[EventType "tourn"]
[EventRounds "9"]
[EventCountry "CZE"]
[EventCategory "1"]
[SourceTitle "CBM 218 Extra"]
[Source "ChessBase"]
[SourceDate "2024.03.31"]
[SourceVersion "1"]
[SourceVersionDate "2024.03.31"]
[SourceQuality "1"]

1. Nf3 d5 2. d4 e6 3. c4 a6 4. cxd5 exd5 5. Nc3 h6 6. Bf4 Nf6 7. e3 Bd6 8. Bxd6 Qxd6 9. Bd3 Be6 10. 0-0 Nbd7 11. h3 g5 12. e4 dxe4 13. Nxe4 Nxe4 14. Bxe4 0-0-0 15. d5 Nc5 16. dxe6 Nxe4 17. exf7 Qxd1 18. Raxd1 Nd6 19. Ne5 Rh7 20. Rxd6 1-0

[Event "Brno IM 12th"]
[Site "Brno"]
[Date "2023.11.18"]
[Round "9"]
[White "Adarsh, Tripathi"]
[Black "Gramb, Marius"]
[Result "1-0"]
[WhiteElo "2327"]
[BlackElo "2226"]
[PlyCount "55"]
[EventDate "2023.11.11"]
[EventType "tourn"]
[EventRounds "9"]
[EventCountry "CZE"]
[SourceTitle "CBM 217 Extra"]
[Source "ChessBase"]
[SourceDate "2024.01.31"]
[SourceVersion "1"]
[SourceVersionDate "2024.01.31"]
[SourceQuality "1"]

1. d4 Nf6 2. Bf4 d5 3. Nc3 c5 4. e3 cxd4 5. exd4 a6 6. Nf3 Nc6 7. Ne5 g6 8. h4 h5 9. Qd2 Bf5 10. f3 Bg7 11. Be2 Qb6 12. Nxc6 Qxc6 13. Rc1 Rc8 14. Nd1 Qa4 15. Ne3 Be6 16. a3 Nd7 17. c3 b5 18. 0-0 Nb6 19. Bd3 Nc4 20. Qe2 Rc6 21. Bg5 Nxe3 22. Qxe3 Qa5 23. Rce1 Qc7 24. Re2 0-0 25. Rfe1 Qd7 26. Bh6 Rb8 27. Bxg7 Kxg7 28. Qe5+ 1-0

[Event "Brno IM 12th"]
[Site "Brno"]
[Date "2023.11.17"]
[Round "8"]
[White "Del Rey, Diego"]
[Black "Adarsh, Tripathi"]
[Result "1/2-1/2"]
[WhiteElo "2316"]
[BlackElo "2327"]
[PlyCount "34"]
[EventDate "2023.11.11"]
[EventType "tourn"]
[EventRounds "9"]
[EventCountry "CZE"]
[SourceTitle "CBM 217 Extra"]
[Source "ChessBase"]
[SourceDate "2024.01.31"]
[SourceVersion "1"]
[SourceVersionDate "2024.01.31"]
[SourceQuality "1"]

1. d4 c5 2. c3 d5 3. Nf3 Nf6 4. Bf4 Nc6 5. e3 Qb6 6. Qb3 c4 7. Qxb6 axb6 8. Nbd2 b5 9. a3 h6 10. Rc1 Bf5 11. h3 Nd7 12. Be2 Nb6 13. Bd1 Na4 14. Bc2 e6 15. Bxf5 exf5 16. Rc2 b4 17. cxb4 Bxb4 1/2-1/2

[Event "Brno IM 12th"]
[Site "Brno"]
[Date "2023.11.14"]
[Round "5"]
[White "Vyskocil, Neklan"]
[Black "Adarsh, Tripathi"]
[Result "1/2-1/2"]
[WhiteElo "2299"]
[BlackElo "2327"]
[PlyCount "32"]
[EventDate "2023.11.11"]
[EventType "tourn"]
[EventRounds "9"]
[EventCountry "CZE"]
[SourceTitle "CBM 217 Extra"]
[Source "ChessBase"]
[SourceDate "2024.01.31"]
[SourceVersion "1"]
[SourceVersionDate "2024.01.31"]
[SourceQuality "1"]

1. e4 c5 2. Nf3 e6 3. d4 cxd4 4. Nxd4 Nf6 5. Nc3 Nc6 6. Bf4 Bb4 7. Nxc6 bxc6 8. Bd3 d5 9. exd5 exd5 10. Qe2+ Be6 11. 0-0 0-0 12. Qf3 Bd6 13. h3 Rb8 14. b3 c5 15. Bxd6 Qxd6 16. Rad1 d4 1/2-1/2

[Event "Budapest One Week IM"]
[Site "Budapest"]
[Date "2023.08.25"]
[Round "6"]
[White "Adarsh, Tripathi"]
[Black "Izsak, Gyula"]
[Result "1/2-1/2"]
[WhiteElo "2286"]
[BlackElo "2396"]
[PlyCount "39"]
[EventDate "2023.08.21"]
[EventType "tourn"]
[EventRounds "9"]
[EventCountry "HUN"]
[SourceTitle "CBM 215 Extra"]
[Source "ChessBase"]
[SourceDate "2023.09.30"]
[SourceVersion "1"]
[SourceVersionDate "2023.09.30"]
[SourceQuality "1"]

1. e4 c5 2. Nf3 a6 3. c3 d5 4. exd5 Qxd5 5. d4 e6 6. Be2 Nf6 7. 0-0 Nc6 8. Be3 cxd4 9. cxd4 Be7 10. Nc3 Qd6 11. Qd2 0-0 12. Bf4 Qd8 13. Rad1 Nb4 14. Ne5 Nbd5 15. Bd3 Nxf4 16. Qxf4 Nd5 17. Nxd5 exd5 18. Rfe1 g6 19. Ng4 Bxg4 20. Qxg4 1/2-1/2

[Event "Budapest One Week IM"]
[Site "Budapest"]
[Date "2023.08.24"]
[Round "5"]
[White "Adarsh, Tripathi"]
[Black "Flasik, Radoslav"]
[Result "1-0"]
[WhiteElo "2286"]
[BlackElo "2089"]
[PlyCount "57"]
[EventDate "2023.08.21"]
[EventType "tourn"]
[EventRounds "9"]
[EventCountry "HUN"]
[SourceTitle "CBM 215 Extra"]
[Source "ChessBase"]
[SourceDate "2023.09.30"]
[SourceVersion "1"]
[SourceVersionDate "2023.09.30"]
[SourceQuality "1"]

1. e4 c5 2. Nc3 Nc6 3. Nge2 d6 4. g3 Bg4 5. Bg2 Nd4 6. d3 Nf6 7. h3 Bf3 8. 0-0 g6 9. Bxf3 Nxf3+ 10. Kg2 Nd4 11. Nxd4 cxd4 12. Ne2 Qb6 13. c3 dxc3 14. bxc3 Bg7 15. Be3 Qa6 16. Rb1 0-0 17. c4 Rac8 18. Nc3 b6 19. a4 Ng4 20. hxg4 Bxc3 21. Rh1 Rc7 22. Qc1 Bh8 23. Bxb6 Rfc8 24. Qh6 Bg7 25. Qxh7+ Kf8 26. Bxc7 Rxc7 27. Rb8+ Rc8 28. Rxc8+ Qxc8 29. Qh8+ 1-0

[Event "Budapest One Week IM"]
[Site "Budapest"]
[Date "2023.08.23"]
[Round "4"]
[White "Vincenti, Leonardo"]
[Black "Adarsh, Tripathi"]
[Result "1/2-1/2"]
[WhiteElo "2140"]
[BlackElo "2286"]
[PlyCount "42"]
[EventDate "2023.08.21"]
[EventType "tourn"]
[EventRounds "9"]
[EventCountry "HUN"]
[SourceTitle "CBM 215 Extra"]
[Source "ChessBase"]
[SourceDate "2023.09.30"]
[SourceVersion "1"]
[SourceVersionDate "2023.09.30"]
[SourceQuality "1"]

1. e4 c5 2. Nf3 d6 3. Bb5+ Bd7 4. Bxd7+ Qxd7 5. 0-0 Nc6 6. c3 Nf6 7. Re1 g6 8. d4 Bg7 9. h3 cxd4 10. cxd4 0-0 11. Nc3 Rfc8 12. e5 dxe5 13. dxe5 Qxd1 14. Rxd1 Ne8 15. Bf4 Nc7 16. Rd7 Ne6 17. Be3 b6 18. Nd5 Kf8 19. Rc1 Rd8 20. Rxd8+ Rxd8 21. Nxb6 Nxe5 1/2-1/2

[Event "Olomouc IM-B 24th"]
[Site "Olomouc"]
[Date "2023.08.19"]
[Round "9"]
[White "Kusa, Jakub"]
[Black "Adarsh, Tripathi"]
[Result "1/2-1/2"]
[WhiteElo "2360"]
[BlackElo "2286"]
[PlyCount "68"]
[EventDate "2023.08.12"]
[EventType "tourn"]
[EventRounds "9"]
[EventCountry "CZE"]
[SourceTitle "CBM 215 Extra"]
[Source "ChessBase"]
[SourceDate "2023.09.30"]
[SourceVersion "1"]
[SourceVersionDate "2023.09.30"]
[SourceQuality "1"]

1. d4 Nf6 2. Nf3 c5 3. d5 b5 4. e4 Nxe4 5. Bd3 Nf6 6. Bxb5 g6 7. 0-0 Bg7 8. c4 0-0 9. Nc3 d6 10. Re1 a6 11. Ba4 Nbd7 12. Bg5 Nb6 13. Bc6 Ra7 14. b3 h6 15. Bd2 e5 16. dxe6 Bxe6 17. Rc1 Rc7 18. Be4 Re7 19. Bf4 Nh5 20. Be3 Bg4 21. Bd5 Nf6 22. h3 Bc8 23. Bf4 Nbxd5 24. Nxd5 Nxd5 25. Qxd5 Rd7 26. Rcd1 Bb7 27. Qd3 Qa8 28. Qe2 d5 29. cxd5 Bxd5 30. Qe3 Rdd8 31. Rd3 g5 32. Be5 Rfe8 33. Qc1 Bxf3 34. Rxd8 Qxd8 1/2-1/2

[Event "Olomouc IM-B 24th"]
[Site "Olomouc"]
[Date "2023.08.12"]
[Round "1"]
[White "Adarsh, Tripathi"]
[Black "Koziorowicz, Michal"]
[Result "1-0"]
[WhiteElo "2286"]
[BlackElo "2319"]
[PlyCount "153"]
[EventDate "2023.08.12"]
[EventType "tourn"]
[EventRounds "9"]
[EventCountry "CZE"]
[SourceTitle "CBM 215 Extra"]
[Source "ChessBase"]
[SourceDate "2023.09.30"]
[SourceVersion "1"]
[SourceVersionDate "2023.09.30"]
[SourceQuality "1"]

1. e4 e6 2. d4 d5 3. exd5 exd5 4. Bd3 Bd6 5. Nf3 Qe7+ 6. Be3 Nf6 7. 0-0 Ne4 8. c4 c6 9. Nc3 Nxc3 10. bxc3 dxc4 11. Re1 0-0 12. Bxc4 Bg4 13. Bf4 Qc7 14. Bxf7+ Kh8 15. Bxd6 Qxd6 16. Re3 Nd7 17. Qb3 Bxf3 18. Rxf3 Nf6 19. Re1 Qc7 20. Be6 Rae8 21. h3 Nh5 22. Rxf8+ Rxf8 23. Re5 Nf4 24. Bc4 Qd6 25. Qc2 Qf6 26. Re3 b5 27. Bf1 a5 28. Rf3 Re8 29. Qd2 g5 30. Kh2 Qg6 31. g3 Nd5 32. Bd3 Qh5 33. Rf5 h6 34. c4 bxc4 35. Bxc4 Qg6 36. Re5 Rxe5 37. dxe5 Qf5 38. Qd4 Kg7 39. Kg2 Qe6 40. Qa7+ Kg8 41. Qb8+ Kf7 42. Bb3 h5 43. Qa7+ Kg8 44. Qxa5 Qxe5 45. Qa8+ Kg7 46. Qxc6 Nf6 47. Qe6 Qc7 48. Qf5 Qc6+ 49. Kh2 g4 50. Qg5+ Kf8 51. Qg6 Ke7 52. Qf7+ Kd8 53. Qf8+ Kc7 54. Qe7+ Kb8 55. Qb4+ Kc7 56. Qc4 Kd6 57. Qxc6+ Kxc6 58. Kg2 Kd6 59. f3 gxf3+ 60. Kxf3 Ke5 61. Bf7 h4 62. gxh4 Nd7 63. a4 Kf6 64. Bd5 Ke5 65. Bg8 Nc5 66. a5 Na6 67. Bc4 Nb4 68. Kg4 Kf6 69. Kf4 Kg6 70. Be2 Kf6 71. h5 Kg7 72. Kf5 Kh6 73. Ke6 Nc6 74. a6 Nd4+ 75. Ke5 Nc6+ 76. Kd6 Na7 77. Kc7 1-0

[Event "Elllobregat op 3rd"]
[Site "Sant Boi de Llobregat"]
[Date "2022.11.30"]
[Round "1"]
[White "Fedoseev, Vladimir1"]
[Black "Adarsh, Tripathi"]
[Result "1/2-1/2"]
[WhiteElo "2688"]
[BlackElo "2361"]
[PlyCount "65"]
[EventDate "2022.11.30"]
[EventType "swiss"]
[EventRounds "9"]
[EventCountry "ESP"]
[SourceTitle "CBM 211 Extra"]
[Source "ChessBase"]
[SourceDate "2023.01.31"]
[SourceVersion "1"]
[SourceVersionDate "2023.01.31"]
[SourceQuality "1"]

1. d4 d5 2. c4 e6 3. Nc3 a6 4. cxd5 exd5 5. Nf3 h6 6. Bf4 Nf6 7. e3 Bd6 8. Be5 c6 9. h3 Bxe5 10. Nxe5 Bf5 11. g4 Bh7 12. Qb3 Qc7 13. Rc1 Nbd7 14. f4 Nxe5 15. fxe5 Ne4 16. Bg2 Nxc3 17. bxc3 Bd3 18. Qd1 Bc4 19. Bf1 Bxf1 20. Rxf1 0-0 21. Kd2 Qe7 22. c4 dxc4 23. Rxc4 Rad8 24. Ke2 Rd5 25. Qc2 Re8 26. Rb1 f6 27. Rcb4 fxe5 28. Rxb7 Qe6 29. Qf5 Qxf5 30. gxf5 exd4 31. Rg1 Rxe3+ 32. Kd1 Rxf5 33. Rgxg7+ 1/2-1/2

[Event "Budapest Vezerkepzo GM-A 11"]
[Site "Budapest"]
[Date "2022.11.25"]
[Round "10"]
[White "Adarsh, Tripathi"]
[Black "Zylka, Stanislaw"]
[Result "1/2-1/2"]
[WhiteElo "2361"]
[BlackElo "2410"]
[PlyCount "112"]
[EventDate "2022.11.17"]
[EventType "tourn"]
[EventRounds "11"]
[EventCountry "HUN"]
[EventCategory "6"]
[SourceTitle "CBM 211 Extra"]
[Source "ChessBase"]
[SourceDate "2023.01.31"]
[SourceVersion "1"]
[SourceVersionDate "2023.01.31"]
[SourceQuality "1"]

1. d4 Nf6 2. Nc3 d5 3. Bf4 a6 4. e3 e6 5. g4 c5 6. g5 Nfd7 7. Qg4 Nc6 8. 0-0-0 Qa5 9. Qg3 b5 10. Bc7 Nb6 11. Kb1 b4 12. Na4 Qxa4 13. Bxb6 c4 14. e4 Be7 15. Bg2 Qb5 16. exd5 exd5 17. Bc5 Be6 18. Bxe7 Nxe7 19. h4 a5 20. Bh3 0-0 21. h5 b3 22. cxb3 a4 23. h6 Bxh3 24. Rxh3 Nf5 25. Qe5 g6 26. bxc4 Qxc4 27. Rc3 Qb4 28. a3 Qb5 29. Qe2 Qb6 30. Nf3 Rfe8 31. Qd2 Nd6 32. Qc2 Nb5 33. Rcd3 Rec8 34. Qd2 Nd6 35. Ne5 Ne4 36. Qf4 Qc7 37. f3 Rab8 38. Ka1 Qb7 39. Rb1 Rc2 40. Nc6 Rxc6 41. fxe4 Qc7 42. Qxc7 Rxc7 43. e5 Rc2 44. b4 Rbc8 45. b5 Rg2 46. Rdd1 Rc3 47. Rb4 Rxa3+ 48. Kb1 Raa2 49. b6 a3 50. Rc1 Kf8 51. Rc8+ Ke7 52. Rc7+ Ke6 53. b7 Rae2 54. Ka1 Ra2+ 55. Kb1 Rae2 56. Ka1 Ra2+ 1/2-1/2

[Event "Budapest Vezerkepzo GM-A 11"]
[Site "Budapest"]
[Date "2022.11.23"]
[Round "8"]
[White "Adarsh, Tripathi"]
[Black "Song, Edward"]
[Result "1/2-1/2"]
[WhiteElo "2361"]
[BlackElo "2362"]
[PlyCount "133"]
[EventDate "2022.11.17"]
[EventType "tourn"]
[EventRounds "11"]
[EventCountry "HUN"]
[EventCategory "6"]
[SourceTitle "CBM 211 Extra"]
[Source "ChessBase"]
[SourceDate "2023.01.31"]
[SourceVersion "1"]
[SourceVersionDate "2023.01.31"]
[SourceQuality "1"]

1. e4 c6 2. d4 d5 3. Nc3 dxe4 4. Nxe4 Bf5 5. Ng3 Bg6 6. Nf3 Nd7 7. h4 h6 8. h5 Bh7 9. Bd3 Bxd3 10. Qxd3 e6 11. Bf4 Qa5+ 12. Bd2 Bb4 13. c3 Be7 14. Ne4 Rd8 15. Qe2 Ngf6 16. Nxf6+ Nxf6 17. Ne5 Qd5 18. f3 0-0 19. g4 Nd7 20. Nd3 c5 21. dxc5 Nxc5 22. Nxc5 Bxc5 23. c4 Qc6 24. g5 hxg5 25. h6 g6 26. h7+ Kh8 27. 0-0-0 Be7 28. Bc3+ f6 29. Rdg1 e5 30. Rh6 Kg7 31. Rgh1 Rh8 32. f4 gxf4 33. Rxg6+ Kf7 34. Rgh6 Bc5 35. Qh5+ Ke7 36. Qg6 Qe6 37. Kb1 f3 38. Qg7+ Qf7 39. Qg3 Qxc4 40. Qxf3 Qd3+ 41. Qxd3 Rxd3 42. Rf1 Rd6 43. Be1 Be3 44. Rh3 Bd2 45. Bxd2 Rxd2 46. Rh6 Rd6 47. Rg1 Kf7 48. Rh5 Rd7 49. Rh6 Ke6 50. Rgh1 Rc7 51. Rf1 Rhxh7 52. Rhxf6+ Ke7 53. a3 Rc6 54. R6f5 Re6 55. Re1 Kd6 56. Rd1+ Kc6 57. Rf2 e4 58. Rc2+ Kb6 59. Re1 Rc7 60. Rd2 a5 61. Re3 Rc5 62. Rd4 Rce5 63. Rc4 Ka6 64. a4 b5 65. axb5+ Kxb5 66. b3 Re7 67. Kb2 1/2-1/2

[Event "Budapest FS11 GM"]
[Site "Budapest"]
[Date "2022.11.15"]
[Round "9"]
[White "Neverov, Valeriy"]
[Black "Adarsh, Tripathi"]
[Result "0-1"]
[WhiteElo "2388"]
[BlackElo "2361"]
[PlyCount "136"]
[EventDate "2022.11.05"]
[EventType "tourn"]
[EventRounds "9"]
[EventCountry "HUN"]
[EventCategory "6"]
[SourceTitle "CBM 211 Extra"]
[Source "ChessBase"]
[SourceDate "2023.01.31"]
[SourceVersion "1"]
[SourceVersionDate "2023.01.31"]
[SourceQuality "1"]

1. Nf3 d5 2. d4 Nf6 3. c4 dxc4 4. e3 e6 5. Bxc4 c5 6. 0-0 a6 7. Qe2 b5 8. Bd3 Nbd7 9. a4 c4 10. Bc2 Bb7 11. e4 Be7 12. Bg5 h6 13. Bh4 Nh7 14. Bxe7 Qxe7 15. Na3 0-0 16. axb5 axb5 17. Nxb5 Qb4 18. Na3 Rfc8 19. Rfb1 Nhf6 20. h3 c3 21. Qe1 Bxe4 22. Bxe4 Nxe4 23. Nc2 Qb7 24. bxc3 Rxa1 25. Nxa1 Qd5 26. Rc1 Nb6 27. Nb3 Nxf2 28. c4 Nxh3+ 29. Kh2 Qh5 30. Qh4 Qxh4 31. Nxh4 Nf4 32. c5 Nbd5 33. Ra1 Rb8 34. Ra3 Nc7 35. Nf3 Nb5 36. Ra6 Nd5 37. Na5 Nbc7 38. Ra7 Ra8 39. Rxa8+ Nxa8 40. Ne5 Nac7 41. Kg3 f6 42. Ng6 Kf7 43. Nh8+ Ke8 44. Ng6 Ne7 45. Nxe7 Kxe7 46. Nc6+ Kd7 47. Nb4 h5 48. Kh4 g6 49. g4 hxg4 50. Kxg4 Ke7 51. Kf4 Ke8 52. Kg4 Kf7 53. Kh4 Kg7 54. Kg4 g5 55. Kh5 Kf7 56. Nd3 Nd5 57. Nf2 Ke7 58. Ne4 Nf4+ 59. Kh6 g4 60. Ng3 Kd7 61. Kg7 Nd5 62. Kg6 f5 63. Kg5 Kc6 64. Ne2 Kb5 65. Kh4 Kc4 66. Kg3 Nc7 67. Kf2 Kd3 68. c6 Ke4 0-1